Power - Little Mix Feat. Stormzy - All Lyrics - Statistics

General Stats
  • This quiz has been taken 49 times
    48 since last reset
  • The average score is 569 of 692
Answer Stats
Answer % Correct
a
100%
go
100%
(Huh?)
100%
I
100%
"I
100%
in
100%
oh
100%
(Oh)
100%
Oh,
100%
ow!
100%
power
100%
power?
100%
power,
100%
the
100%
the,
100%
The
100%
(Uh-huh)
100%
Who
100%
whoop,
100%
whoop
100%
(Woo!),
100%
(Yo)
100%
yo
100%
you
100%
You
100%
(You
100%
do
97%
for
97%
got
97%
got,
97%
no,
97%
up,
97%
up!
97%
bow,
93%
bow
93%
But
93%
but
93%
don't
93%
forget
93%
forget,
93%
forget)
93%
Hold
93%
I'm
93%
(I'm
93%
it
93%
it,
93%
rain
93%
rain,
93%
rain)
93%
shower
93%
to
93%
'cause
90%
'Cause
90%
control
90%
control,
90%
know,
90%
know
90%
make
90%
should
90%
take
90%
who's
90%
your
90%
as
87%
(As
87%
be
87%
chick
87%
didn't
87%
down
87%
down,
87%
I’ll
87%
I'll
87%
Just
87%
just
87%
let
87%
man
87%
on
87%
one
87%
town
87%
wheel,
87%
when
87%
When
87%
gasoline
83%
gasoline-y
83%
long
83%
me
83%
me,
83%
That
83%
that
83%
walk
83%
you're
83%
You're
83%
ain't
80%
machine
80%
Yeah,
80%
yeah,
80%
yeah
80%
yeah)
80%
(Yeah)
80%
baby,
77%
baby
77%
Baby,
77%
south
77%
behind
73%
fire,
73%
mean
73%
My
73%
my
73%
what
73%
and
70%
And
70%
come
70%
ever
70%
gon'
70%
Lamborghini
70%
worth
70%
'em
67%
'em,
67%
first,
67%
gonna
67%
this
67%
catching
63%
lying
63%
'round
63%
catching
60%
hundred,
60%
turn
60%
woman,
60%
woman
60%
Z-z-zero
60%
b-b-body
57%
button,
57%
coming
57%
easy,
57%
look
57%
packin',
57%
push
57%
like
53%
they
53%
They
53%
tick
53%
tick,
53%
we
53%
We
53%
boom,
50%
call
50%
engine,
50%
loose
50%
same
50%
tell
50%
time
50%
at
47%
not
47%
trousers
47%
wear
47%
can
43%
king
43%
stutter
43%
about
40%
boss
40%
cool
40%
lettin'
40%
Motorbike,
40%
motorbike,
40%
motorbike
40%
never
40%
them
40%
boys
37%
play
37%
power's
37%
"Power's
37%
Start
37%
Bike,
33%
bike,
33%
bike
33%
guy
33%
losses
33%
now)
33%
see,
33%
then
33%
thing"
33%
eye
30%
say,
30%
share,
30%
share
30%
All
27%
by
27%
him
27%
houses
27%
need
27%
secrets
27%
talk
27%
there's
27%
wins"
27%
alive,
23%
dirty
23%
hour
23%
Independent
23%
another
20%
blinded
20%
browsers
20%
clear
20%
gym
20%
pride
20%
spend
20%
years,
20%
Bimms
17%
countin'
17%
dim
17%
found
17%
grace,
17%
his
17%
skin
17%
sponsoring
17%
type
17%
we'll
17%
can't
13%
compliment
13%
build
10%
careers
10%
"Cocoa,"
10%
our
10%
was
10%
couple,
7%
mad,
7%
powderin'
7%
vibe,
7%
No matching quizzes found
Score Distribution
Percent of People with Each Score
Percentile by Number Answered
Your Score History
You have not taken this quiz since the last reset